[Event "31st 4NCL Congress"]
[Site "Harrogate, North Yorkshire, ENG"]
[Date "2024.01.19"]
[Round "1.18"]
[White "Stone, Ian C"]
[Black "Dean, Robert A"]
[Result "1/2-1/2"]
[WhiteElo "1705"]
[BlackElo "1835"]
[PlyCount "44"]
[EventDate "2024.01.19"]

1. e4 e6 2. d4 d5 3. Nd2 Nf6 4. e5 Nfd7 5. Ngf3 c5 6. c3 Nc6 7. a3 Qb6 8. Nb3
cxd4 9. cxd4 f6 10. exf6 Nxf6 11. Bd3 Bd6 12. O-O O-O 13. h3 Bd7 14. Be3 Qc7
15. Rc1 e5 16. dxe5 Bxe5 17. Nbd4 Bxd4 18. Bxd4 Ne4 19. Bxe4 dxe4 20. Ne5 Be6
21. Nxc6 bxc6 22. Qc2 Bd5 1/2-1/2

[Event "31st 4NCL Congress"]
[Site "Harrogate, North Yorkshire, ENG"]
[Date "2024.01.19"]
[Round "1.19"]
[White "Butterworth, Paul"]
[Black "Leigh, Dominic"]
[Result "1/2-1/2"]
[WhiteElo "1832"]
[BlackElo "1687"]
[PlyCount "38"]
[EventDate "2024.01.19"]

1. d4 Nf6 2. Nf3 e6 3. c4 b6 4. g3 Bb7 5. Bg2 Be7 6. O-O O-O 7. Nbd2 d5 8. Qc2
Nbd7 9. b3 Rc8 10. Bb2 c5 11. Rac1 dxc4 12. bxc4 Qc7 13. e3 Qb8 14. Rfe1 Rfd8
15. a4 a6 16. Qb3 Qa8 17. Nh4 Bxg2 18. Nxg2 Rb8 19. Bc3 Ne4 1/2-1/2

[Event "31st 4NCL Congress"]
[Site "Harrogate, North Yorkshire, ENG"]
[Date "2024.01.19"]
[Round "1.20"]
[White "Mottram, Paul"]
[Black "Wheeler, Tim"]
[Result "1/2-1/2"]
[WhiteElo "1674"]
[BlackElo "1831"]
[PlyCount "22"]
[EventDate "2024.01.19"]

1. d4 g6 2. c4 Bg7 3. Nc3 Nf6 4. e4 d6 5. h3 O-O 6. Bg5 c5 7. d5 Qa5 8. Bd2 Qd8
9. Bg5 Qa5 10. Bd2 Qd8 11. Bg5 Qa5 1/2-1/2

[Event "31st 4NCL Congress"]
[Site "Harrogate, North Yorkshire, ENG"]
[Date "2024.01.19"]
[Round "1.21"]
[White "Kenning, Paul H"]
[Black "David, Barry AH"]
[Result "1/2-1/2"]
[WhiteElo "1829"]
[BlackElo "1658"]
[PlyCount "73"]
[EventDate "2024.01.19"]

1. e4 e6 2. d4 d5 3. Bd3 dxe4 4. Bxe4 Nf6 5. Bf3 Nc6 6. Ne2 Be7 7. O-O O-O 8.
Re1 Qd7 9. Nbc3 h6 10. Be3 Rd8 11. Qd2 e5 12. Rad1 Qf5 13. Ng3 Qg6 14. Bxc6
bxc6 15. Qe2 e4 16. h3 Bd6 17. Bc1 Bxg3 18. fxg3 Qxg3 19. Nxe4 Nxe4 20. Qxe4
Be6 21. Bf4 Qh4 22. Bxc7 Qxe4 23. Rxe4 Rd7 24. Bg3 c5 25. b3 Rad8 26. Bf2 Bf5
27. Re5 Bxc2 28. Rc1 Bg6 29. Rexc5 f6 30. b4 a6 31. a4 Be4 32. Rc7 Kf8 33. b5
axb5 34. axb5 Rxc7 35. Rxc7 Rb8 36. Bg3 Rxb5 37. Bd6+ 1/2-1/2

[Event "31st 4NCL Congress"]
[Site "Harrogate, North Yorkshire, ENG"]
[Date "2024.01.19"]
[Round "1.22"]
[White "Farahmandpour, Ehsan"]
[Black "May, Paul"]
[Result "0-1"]
[WhiteElo "1654"]
[BlackElo "1828"]
[PlyCount "80"]
[EventDate "2024.01.19"]

1. d4 g6 2. Bf4 Bg7 3. Nc3 d6 4. e4 Nd7 5. Nf3 Ngf6 6. Qd2 Nh5 7. Bh6 O-O 8.
O-O-O Nhf6 9. h3 Kh8 10. h4 Bxh6 11. Qxh6 Ng4 12. Qd2 h5 13. e5 Nb6 14. Nh2 Kg7
15. f3 Nxh2 16. Rxh2 dxe5 17. g4 Qxd4 18. Qg2 Qf4+ 19. Kb1 hxg4 20. fxg4 Qxg4
21. Qd2 Qf4 22. Qg2 Bg4 23. Be2 Bxe2 24. Nxe2 Rad8 25. Rf1 Qh6 26. Ng3 Kh8 27.
Qxb7 Qf4 28. Qg2 Nc4 29. Rfh1 Ne3 30. Qe2 Qxg3 31. h5 g5 32. a3 Rd1+ 33. Rxd1
Nxd1 34. Rg2 Nc3+ 35. bxc3 Qxc3 36. Rxg5 Rb8+ 37. Kc1 Qxa3+ 38. Kd2 Qb4+ 39.
Kd1 Rd8+ 40. Kc1 Qf4+ 0-1

[Event "31st 4NCL Congress"]
[Site "Harrogate, North Yorkshire, ENG"]
[Date "2024.01.19"]
[Round "1.23"]
[White "Jones, Neil T"]
[Black "Griffin-Young, Sebastian"]
[Result "1-0"]
[WhiteElo "1824"]
[BlackElo "1548"]
[PlyCount "73"]
[EventDate "2024.01.19"]

1. d4 Nf6 2. c4 g6 3. Nc3 Bg7 4. e4 d6 5. f3 O-O 6. Be3 Nbd7 7. Nge2 e5 8. d5
a5 9. Qd2 Re8 10. O-O-O Nc5 11. h4 Qe7 12. g4 Rd8 13. h5 c6 14. hxg6 fxg6 15.
dxc6 Be6 16. g5 Ne8 17. Nd5 Qf7 18. c7 Nxc7 19. Nec3 Bxd5 20. Nxd5 N7e6 21. Qh2
Bh8 22. Bh3 Nf8 23. Rhf1 Nfe6 24. Kb1 Qe8 25. Qd2 Rab8 26. Nc3 Nd4 27. f4 Qc6
28. Bg2 Na4 29. Nxa4 Qxa4 30. Rc1 b5 31. Qd3 b4 32. b3 Qa3 33. Rcd1 a4 34. Bc1
Qxa2+ 35. Kxa2 axb3+ 36. Kb1 exf4 37. Bb2 1-0

[Event "31st 4NCL Congress"]
[Site "Harrogate, North Yorkshire, ENG"]
[Date "2024.01.19"]
[Round "1.24"]
[White "Nield, Christopher"]
[Black "Macphail, Kieran"]
[Result "1-0"]
[WhiteElo "1437"]
[BlackElo "1820"]
[PlyCount "61"]
[EventDate "2024.01.19"]

1. e4 c5 2. Nf3 Nc6 3. d4 cxd4 4. Nxd4 Nf6 5. Nc3 e5 6. Ndb5 d6 7. Bg5 a6 8.
Na3 b5 9. Nd5 Be7 10. Nxe7 Nxe7 11. Bxf6 gxf6 12. Qd2 Bb7 13. f3 d5 14. exd5
Qxd5 15. Bd3 Rd8 16. O-O-O Ng6 17. Qb4 Qc6 18. Be4 Qb6 19. Rxd8+ Kxd8 20. Bxb7
Qxb7 21. Qd6+ Kc8 22. Rd1 Re8 23. Rd5 Qxd5 24. Qxd5 Rd8 25. Qc6+ Kb8 26. Qxa6
Nf4 27. Qxb5+ Kc7 28. b3 Rd5 29. Qc4+ Kd6 30. Nb5+ Ke6 31. Nc7+ 1-0

[Event "31st 4NCL Congress"]
[Site "Harrogate, North Yorkshire, ENG"]
[Date "2024.01.20"]
[Round "2.1"]
[White "Kane, Robert"]
[Black "Middleton, Tom"]
[Result "1/2-1/2"]
[WhiteElo "1847"]
[BlackElo "1974"]
[PlyCount "33"]
[EventDate "2024.01.19"]

1. d4 Nf6 2. Nf3 g6 3. Nc3 d5 4. Bf4 Bg7 5. e3 O-O 6. Be2 c6 7. Qd2 Nbd7 8. Ne5
Nxe5 9. Bxe5 Ne4 10. Nxe4 Bxe5 11. dxe5 dxe4 12. Qc3 Be6 13. O-O f5 14. exf6
exf6 15. Rfd1 Qe7 16. a3 Rfd8 17. Qb4 1/2-1/2

[Event "31st 4NCL Congress"]
[Site "Harrogate, North Yorkshire, ENG"]
[Date "2024.01.20"]
[Round "2.2"]
[White "Li, Xiaofan"]
[Black "Hymer, Barry J"]
[Result "1/2-1/2"]
[WhiteElo "1847"]
[BlackElo "1964"]
[PlyCount "48"]
[EventDate "2024.01.19"]

1. e4 d6 2. d4 Nf6 3. Nc3 e5 4. dxe5 dxe5 5. Qxd8+ Kxd8 6. Bg5 Be6 7. O-O-O+
Nbd7 8. Bb5 c6 9. Ba4 Kc7 10. Bb3 Nc5 11. Bxe6 Nxe6 12. Bh4 Bb4 13. Nge2 b5 14.
f3 Bc5 15. Bg3 Nd7 16. Kb1 f6 17. Nc1 h5 18. Nb3 Bb6 19. Rhf1 h4 20. Bf2 a5 21.
Rxd7+ Kxd7 22. Bxb6 a4 23. Nc5+ Ke7 24. Nxe6 Kxe6 1/2-1/2

[Event "31st 4NCL Congress"]
[Site "Harrogate, North Yorkshire, ENG"]
[Date "2024.01.20"]
[Round "2.3"]
[White "O'Gorman, Brendan"]
[Black "Stokes, Mike R"]
[Result "0-1"]
[WhiteElo "1843"]
[BlackElo "1960"]
[PlyCount "68"]
[EventDate "2024.01.19"]

1. d4 Nf6 2. g3 g6 3. Bg2 Bg7 4. e4 d6 5. Ne2 c5 6. dxc5 Qa5+ 7. Nbc3 Qxc5 8.
O-O Bd7 9. h3 Qc8 10. Kh2 Nc6 11. Be3 Ne5 12. Bd4 O-O 13. f4 Nc6 14. Be3 Qc7
15. Qd2 Qa5 16. Rad1 Qh5 17. f5 gxf5 18. Kg1 fxe4 19. Nf4 Qe5 20. Nfe2 Rad8 21.
Bh6 Bf5 22. Bxg7 Kxg7 23. Qf4 Qxf4 24. Rxf4 Bg6 25. Nxe4 Nxe4 26. Bxe4 e5 27.
Rh4 Bxe4 28. Rxe4 f5 29. Re3 d5 30. Rb3 Rf7 31. Kg2 Rfd7 32. Rf1 Kg6 33. h4 Na5
34. Rbf3 Nc4 0-1

[Event "31st 4NCL Congress"]
[Site "Harrogate, North Yorkshire, ENG"]
[Date "2024.01.20"]
[Round "2.4"]
[White "Mulleady, Peter J"]
[Black "Jones, Neil T"]
[Result "1/2-1/2"]
[WhiteElo "1945"]
[BlackElo "1824"]
[PlyCount "97"]
[EventDate "2024.01.19"]

1. e4 c6 2. d4 d5 3. exd5 cxd5 4. Nf3 Nf6 5. Ne5 Nc6 6. Bb5 Bd7 7. Nxd7 Qxd7 8.
c3 e6 9. O-O Bd6 10. Nd2 a6 11. Bd3 O-O 12. Re1 e5 13. dxe5 Nxe5 14. Nf3 Nxd3
15. Qxd3 h6 16. h3 Rfe8 17. Be3 Rad8 18. Rad1 Qc7 19. Qf5 Qd7 20. Qb1 Qc8 21.
Qc1 Qf5 22. Qb1 Qxb1 23. Rxb1 Bc7 24. Kf1 Nh5 25. Rbd1 Re6 26. Rd2 Bf4 27. Bxf4
Rxe1+ 28. Nxe1 Nxf4 29. Nc2 Ne6 30. g3 h5 31. h4 g6 32. f3 Kg7 33. Kf2 Kf6 34.
Nd4 Rd6 35. Ke2 Ke7 36. Kd3 Kd7 37. Re2 Rb6 38. Nb3 Kd6 39. Kc2 Rc6 40. Rd2 b6
41. Kd1 Rc4 42. Rd3 Nc5 43. Re3 Ne6 44. Rd3 Nc5 45. Rd2 Ne6 46. Ke2 a5 47. a3
a4 48. Nd4 Nxd4+ 49. cxd4 1/2-1/2

[Event "31st 4NCL Congress"]
[Site "Harrogate, North Yorkshire, ENG"]
[Date "2024.01.20"]
[Round "2.5"]
[White "May, Paul"]
[Black "Cuaresma, Gerald"]
[Result "0-1"]
[WhiteElo "1828"]
[BlackElo "1929"]
[PlyCount "122"]
[EventDate "2024.01.19"]

1. d4 Nf6 2. c4 g6 3. Nc3 Bg7 4. e4 d6 5. Be2 O-O 6. Bg5 c5 7. d5 h6 8. Bf4 e6
9. dxe6 Bxe6 10. Bxd6 Re8 11. e5 Nfd7 12. f4 f6 13. Nf3 fxe5 14. fxe5 Nc6 15.
O-O Ncxe5 16. Nxe5 Nxe5 17. Bxc5 Qc8 18. Bf2 Bxc4 19. Bxc4+ Nxc4 20. Qd5+ Kh7
21. Rac1 Re5 22. Qf7 Rf5 23. Qe7 Re5 24. Qf7 Nd6 25. Qf4 Qe6 26. Bg3 Nf5 27.
Bf2 Re8 28. g4 Ne3 29. Rfe1 Nxg4 30. Bg3 Rf8 31. Rxe5 Nxe5 32. Qe4 Qb6+ 33. Kg2
Ng4 34. Qxg4 Qxb2+ 35. Ne2 Re8 36. Re1 Qxa2 37. Kg1 h5 38. Qf3 Qd2 39. Qf1 Rf8
40. Qg2 Re8 41. Qf1 b5 42. Qg2 a5 43. Qf1 b4 44. Bf4 Qd5 45. Qg2 Qxg2+ 46. Kxg2
a4 47. Kf2 b3 48. Rb1 b2 49. Bd2 Rxe2+ 50. Kxe2 a3 51. Bc1 a2 52. Rxb2 a1=Q 53.
Rc2 Qe5+ 54. Kd3 Qd4+ 55. Ke2 Qe4+ 56. Kd1 Qh1+ 57. Ke2 Qxh2+ 58. Kd3 Qg3+ 59.
Ke2 h4 60. Be3 h3 61. Bf2 Qg2 0-1

[Event "31st 4NCL Congress"]
[Site "Harrogate, North Yorkshire, ENG"]
[Date "2024.01.20"]
[Round "2.6"]
[White "Gibbs, Dominic V"]
[Black "Procter, Colin S"]
[Result "1/2-1/2"]
[WhiteElo "1927"]
[BlackElo "1796"]
[PlyCount "113"]
[EventDate "2024.01.19"]

1. e4 d6 2. d4 Nf6 3. Nc3 g6 4. g3 Bg7 5. Bg2 O-O 6. Nge2 e5 7. h3 c6 8. O-O
Nbd7 9. Be3 h6 10. Qd2 Kh7 11. a4 a5 12. Rad1 Qe7 13. g4 Ng8 14. Ng3 Re8 15. f4
Nb6 16. b3 Qc7 17. Qf2 Nd7 18. fxe5 dxe5 19. Qxf7 Rf8 20. Qc4 exd4 21. Bxd4
Bxd4+ 22. Rxd4 Qxg3 23. Rxf8 Nxf8 24. Qf7+ Kh8 25. Ne2 Qe3+ 26. Kf1 Ne6 27. Rd3
Qc5 28. Qxg6 b6 29. Rf3 Qg5 30. Qe8 Qe7 31. Qxc6 Bb7 32. Qc3+ Qg7 33. Qe3 Nc5
34. Ng3 Re8 35. Rf5 Ne7 36. Rh5 Kh7 37. g5 Nd5 38. Qd2 Nc3 39. Rxh6+ Kg8 40.
Nh5 N3xe4 41. Bxe4 Nxe4 42. Nf6+ Qxf6+ 43. Rxf6 Nxd2+ 44. Kg1 Re1+ 45. Kf2 Rf1+
46. Ke3 Rxf6 47. gxf6 Ne4 48. Kd4 Nxf6 49. c3 Bc6 50. Ke5 Kf7 51. Kd6 Be8 52.
Kc7 Nd5+ 53. Kb7 b5 54. axb5 a4 55. bxa4 Nxc3 56. a5 Bxb5 57. a6 1/2-1/2

[Event "31st 4NCL Congress"]
[Site "Harrogate, North Yorkshire, ENG"]
[Date "2024.01.20"]
[Round "2.7"]
[White "Towers, Brian"]
[Black "Letton, Rob"]
[Result "1-0"]
[WhiteElo "1864"]
[BlackElo "1773"]
[PlyCount "59"]
[EventDate "2024.01.19"]

1. d4 e6 2. Nc3 c5 3. d5 Qc7 4. e4 a6 5. a4 Nf6 6. Nf3 d6 7. Be2 exd5 8. exd5
g6 9. O-O Bg7 10. Bf4 O-O 11. Qd2 Bg4 12. Bh6 Nbd7 13. Bxg7 Kxg7 14. Rfe1 Rfe8
15. Rad1 Re7 16. h3 Bxf3 17. Bxf3 Ne5 18. Be2 Rae8 19. b3 Ned7 20. Bf3 Nb6 21.
Rxe7 Qxe7 22. Kf1 Nbd7 23. g3 Qd8 24. Re1 Re5 25. Rxe5 Nxe5 26. Bg2 c4 27. f4
Ned7 28. bxc4 Qc8 29. Qd4 Nc5 30. g4 1-0

[Event "31st 4NCL Congress"]
[Site "Harrogate, North Yorkshire, ENG"]
[Date "2024.01.20"]
[Round "2.9"]
[White "Elgar, Tim"]
[Black "Nield, Christopher"]
[Result "1-0"]
[WhiteElo "1980"]
[BlackElo "1437"]
[PlyCount "97"]
[EventDate "2024.01.19"]

1. Nf3 c5 2. g3 d5 3. Bg2 Nf6 4. O-O Nc6 5. d4 cxd4 6. Nxd4 e5 7. Nxc6 bxc6 8.
c4 Be6 9. Qa4 Qd7 10. Nc3 Rd8 11. Bg5 Be7 12. Rfd1 e4 13. Bxf6 Bxf6 14. Bxe4
Bxc3 15. bxc3 f5 16. Bg2 O-O 17. cxd5 cxd5 18. Qxd7 Rxd7 19. f4 Rc8 20. Rd3 Rc5
21. Rad1 Kf7 22. Kf2 Ke7 23. Ke1 g6 24. R1d2 Rb5 25. e3 Rc5 26. Bf3 h5 27. Rb2
Rdc7 28. Kd2 Bf7 29. Rb3 Ke6 30. Rd4 Be8 31. Be2 Ra5 32. Rb2 Rac5 33. Rc2 Bb5
34. Bxb5 Rxb5 35. Rb4 Rbc5 36. Ra4 a5 37. Ra3 R7c6 38. Rb2 Ra6 39. Rb8 Rc7 40.
Rab3 Rcc6 41. R3b7 Kd6 42. Kd3 Kc5 43. Rb5+ Kd6 44. Rd8+ Ke6 45. Rdxd5 Rd6 46.
Kd4 Rxd5+ 47. Rxd5 Rd6 48. Rxd6+ Kxd6 49. c4 1-0

[Event "31st 4NCL Congress"]
[Site "Harrogate, North Yorkshire, ENG"]
[Date "2024.01.20"]
[Round "2.10"]
[White "Irving, Neil"]
[Black "Rughani, Mahin"]
[Result "1-0"]
[WhiteElo "1964"]
[BlackElo "1814"]
[PlyCount "113"]
[EventDate "2024.01.19"]

1. Nf3 c6 2. c4 Nf6 3. g3 d5 4. Bg2 Bf5 5. cxd5 cxd5 6. Qb3 Qc7 7. Nc3 e6 8. d3
Nc6 9. Bf4 Qd7 10. O-O Be7 11. Ne5 Nxe5 12. Bxe5 O-O 13. e4 Bg6 14. exd5 Nxd5
15. Nxd5 exd5 16. Qxd5 Qxd5 17. Bxd5 Bxd3 18. Bxb7 Rae8 19. Rfd1 Bc2 20. Rd2
Bg5 21. f4 Rxe5 22. fxg5 Bg6 23. h4 Re7 24. Bf3 h6 25. gxh6 gxh6 26. Rad1 Rc8
27. Rd8+ Rxd8 28. Rxd8+ Kg7 29. Rb8 a6 30. Kf2 Bd3 31. Rd8 Bb1 32. a3 Rc7 33.
Rd2 Rc5 34. b4 Rc3 35. Rb2 Bf5 36. a4 Kf6 37. b5 axb5 38. axb5 Rc8 39. b6 Ke7
40. b7 Rb8 41. Ra2 Kd7 42. Ra8 Kc7 43. Rxb8 Kxb8 44. Ke3 Bd7 45. Kd4 f6 46. Kc5
Bh3 47. Kd6 f5 48. Ke5 Bg4 49. Bxg4 fxg4 50. Kf4 Kxb7 51. Kxg4 Kc8 52. Kh5 Kd8
53. Kxh6 Ke7 54. Kg7 Ke6 55. h5 Kf5 56. h6 Kg4 57. h7 1-0

[Event "31st 4NCL Congress"]
[Site "Harrogate, North Yorkshire, ENG"]
[Date "2024.01.20"]
[Round "2.11"]
[White "Patrick, David A"]
[Black "Flint, Martina"]
[Result "1-0"]
[WhiteElo "1800"]
[BlackElo "1941"]
[PlyCount "117"]
[EventDate "2024.01.19"]

1. e4 g6 2. d4 Bg7 3. Nc3 d6 4. f4 c6 5. Nf3 Qc7 6. Be3 Nf6 7. Qd2 Ng4 8. Bg1
b5 9. a3 a6 10. h3 Nf6 11. e5 Nd5 12. Nxd5 cxd5 13. Bd3 dxe5 14. fxe5 Nc6 15.
Be3 h5 16. O-O Be6 17. Ng5 Qd7 18. Qe2 O-O 19. c3 Bh6 20. Nxe6 Bxe3+ 21. Qxe3
Qxe6 22. Qg5 Kg7 23. Rf3 Kh7 24. Qxh5+ Kg7 25. Qg5 Nd8 26. Rf4 Rh8 27. Bf5 Qb6
28. Qxe7 gxf5 29. Rxf5 Rh6 30. Raf1 Qe6 31. Qc7 Rg6 32. Rf6 Rxf6 33. exf6+ Kf8
34. Qg3 Qe4 35. Re1 Qg6 36. Qd6+ Kg8 37. Re8+ Kh7 38. Rxd8 Rxd8 39. Qxd8 Qb1+
40. Kh2 Qf5 41. Qd6 Kg6 42. Qe5 Qc2 43. h4 Qd2 44. Qg5+ Qxg5 45. hxg5 Kxg5 46.
Kg3 Kxf6 47. Kf4 a5 48. b3 Ke6 49. g4 a4 50. b4 Kf6 51. g5+ Kg6 52. Kg4 f6 53.
gxf6 Kxf6 54. Kf4 Ke6 55. Kg5 Kd7 56. Kf5 Kd6 57. Kf6 Kd7 58. Ke5 Kc6 59. Ke6
1-0

[Event "31st 4NCL Congress"]
[Site "Harrogate, North Yorkshire, ENG"]
[Date "2024.01.20"]
[Round "2.12"]
[White "Cawston, M John"]
[Black "Waters, Andrew C"]
[Result "1/2-1/2"]
[WhiteElo "1770"]
[BlackElo "1920"]
[PlyCount "101"]
[EventDate "2024.01.19"]

1. Nf3 f5 2. g3 g6 3. Bg2 Bg7 4. d4 Nf6 5. O-O O-O 6. c4 d6 7. d5 e5 8. dxe6
Bxe6 9. Ng5 Bc8 10. Qb3 c6 11. Nc3 Na6 12. Rd1 Nc5 13. Qc2 h6 14. Be3 Qe7 15.
Nf3 Be6 16. Qd2 Nce4 17. Nxe4 Nxe4 18. Qc2 d5 19. Nd4 Bf7 20. cxd5 Bxd5 21.
Rac1 Nf6 22. Nb3 Bxg2 23. Kxg2 Rfe8 24. Rd2 Ne4 25. Qc4+ Qf7 26. Qxf7+ Kxf7 27.
Rdc2 g5 28. Bd4 Be5 29. Bxe5 Rxe5 30. Rd1 Rae8 31. Rd7+ R8e7 32. Rxe7+ Kxe7 33.
f3 Nf6 34. Kf2 f4 35. Nc5 fxg3+ 36. hxg3 b6 37. Nd3 Re6 38. Nb4 c5 39. Nd3 Rd6
40. Rc4 Ke6 41. b3 h5 42. Ra4 a5 43. Rc4 Rd8 44. Ke3 Rh8 45. Kf2 g4 46. Nf4+
Kd6 47. Nd3 Rf8 48. Rf4 gxf3 49. exf3 Ke6 50. Rc4 Ng4+ 51. Ke2 1/2-1/2

[Event "31st 4NCL Congress"]
[Site "Harrogate, North Yorkshire, ENG"]
[Date "2024.01.20"]
[Round "2.13"]
[White "Meredith, Daniel"]
[Black "Obi, Okwose Marc"]
[Result "0-1"]
[WhiteElo "1778"]
[BlackElo "1901"]
[PlyCount "82"]
[EventDate "2024.01.19"]

1. e4 d5 2. exd5 Qxd5 3. Nc3 Qd6 4. d4 Nf6 5. Nf3 a6 6. g3 Bg4 7. Bg2 Nc6 8.
Be3 e6 9. O-O Be7 10. Qd2 O-O 11. h3 Bh5 12. Rfe1 Rad8 13. Rad1 b5 14. a3 b4
15. axb4 Nxb4 16. Bf4 Qb6 17. Ne2 Bg6 18. Ne5 Bxc2 19. Rc1 Be4 20. Bxe4 Nxe4
21. Qe3 Nd6 22. Qf3 Nb5 23. Qg4 Nxd4 24. Nxf7 Rxf7 25. Bxc7 Nxe2+ 26. Qxe2 Qb7
27. Bxd8 Bxd8 28. Rcd1 Bb6 29. Rf1 Qc6 30. Rc1 Qd7 31. Qe4 a5 32. Rcd1 Qe7 33.
Rde1 Rf6 34. Rc1 Qf8 35. Qe2 g6 36. Rcd1 Qf7 37. Rd6 Bc5 38. Rd8+ Kg7 39. Rc8
Bb6 40. Qd2 Nd5 41. Rc4 Ne3 0-1

[Event "31st 4NCL Congress"]
[Site "Harrogate, North Yorkshire, ENG"]
[Date "2024.01.20"]
[Round "2.14"]
[White "Nezis, Anastasios"]
[Black "Echavarria Hidalgo, Fernando"]
[Result "1-0"]
[WhiteElo "1894"]
[BlackElo "1791"]
[PlyCount "97"]
[EventDate "2024.01.19"]

1. e4 d6 2. d4 Nf6 3. Nc3 g6 4. f4 Bg7 5. Nf3 O-O 6. Bd3 c5 7. dxc5 dxc5 8. O-O
Nc6 9. Be3 b6 10. a3 Ng4 11. Bf2 Nxf2 12. Rxf2 Bg4 13. h3 Bc8 14. e5 Nd4 15.
Be4 Nxf3+ 16. Qxf3 Rb8 17. Rd1 Bd7 18. Rfd2 f5 19. Bb7 e6 20. Rxd7 Qh4 21. Kh2
g5 22. Qg3 Qxg3+ 23. Kxg3 gxf4+ 24. Kxf4 Bh6+ 25. Kf3 Bg7 26. Re1 Rf7 27. Rxf7
Kxf7 28. Ba6 Rd8 29. Bc4 Rd2 30. Bd3 c4 31. Nb1 cxd3 32. Nxd2 Bh6 33. cxd3 Bxd2
34. Re2 Bg5 35. Rc2 Bd8 36. Rc8 Ke8 37. Ra8 a5 38. a4 h5 39. Ra7 h4 40. Rh7 Be7
41. g3 hxg3 42. Kxg3 Bc5 43. Kf4 Bd4 44. b3 Bg1 45. Kg5 Bd4 46. Kf6 f4 47. Kxe6
Bxe5 48. Kxe5 f3 49. Rh4 1-0

[Event "31st 4NCL Congress"]
[Site "Harrogate, North Yorkshire, ENG"]
[Date "2024.01.20"]
[Round "2.15"]
[White "Vickery, Jim E"]
[Black "Winter, Kevin"]
[Result "1/2-1/2"]
[WhiteElo "1885"]
[BlackElo "1732"]
[PlyCount "41"]
[EventDate "2024.01.19"]

1. d4 Nf6 2. Nf3 g6 3. c4 d6 4. Nc3 Bg7 5. e4 O-O 6. Be2 e5 7. d5 a5 8. Bg5 Na6
9. Nd2 Nc5 10. O-O h6 11. Bh4 g5 12. Bg3 Bd7 13. b3 b6 14. a3 Ne8 15. b4 Nb7
16. Rc1 Qe7 17. Bg4 Bxg4 18. Qxg4 Nf6 19. Qf5 Nh5 20. Qg4 Nf4 21. Qd1 1/2-1/2

[Event "31st 4NCL Congress"]
[Site "Harrogate, North Yorkshire, ENG"]
[Date "2024.01.20"]
[Round "2.16"]
[White "Salisbury, Paul"]
[Black "Billenness, Greg"]
[Result "0-1"]
[WhiteElo "1728"]
[BlackElo "1874"]
[PlyCount "64"]
[EventDate "2024.01.19"]

1. e4 e5 2. d4 exd4 3. Qxd4 Nc6 4. Qe3 g6 5. Nc3 Bg7 6. Bd2 Nf6 7. O-O-O d6 8.
Qg3 a5 9. f4 Nh5 10. Qe1 Be6 11. f5 Bc8 12. g4 Nf6 13. g5 Nd7 14. f6 Nxf6 15.
gxf6 Qxf6 16. Bb5 O-O 17. Qf1 Qe5 18. Nf3 Qh5 19. Rg1 Bg4 20. Be2 a4 21. a3 b5
22. Ng5 Bxc3 23. bxc3 Bxe2 24. Qf6 Bxd1 25. Rxd1 Ne5 26. Bf4 h6 27. Bxe5 dxe5
28. Nf3 Rfe8 29. Nd2 Re6 30. Qf1 Rd6 31. Qxb5 Rad8 32. Qf1 Qxh2 0-1

[Event "31st 4NCL Congress"]
[Site "Harrogate, North Yorkshire, ENG"]
[Date "2024.01.20"]
[Round "2.17"]
[White "Holi, Siefaldin A"]
[Black "Ashton, Alannah"]
[Result "0-1"]
[WhiteElo "1706"]
[BlackElo "1849"]
[PlyCount "92"]
[EventDate "2024.01.19"]

1. Nf3 c5 2. d3 d5 3. g3 Nc6 4. Bg2 Nf6 5. O-O e5 6. Bg5 Be7 7. c3 h6 8. Bd2
Bg4 9. h3 Bh5 10. g4 Bg6 11. Qb3 Qd7 12. Na3 e4 13. Nh4 Bh7 14. Nf5 Bxf5 15.
gxf5 O-O 16. dxe4 dxe4 17. Rad1 Qxf5 18. Nc4 Rab8 19. Ne3 Qh5 20. f3 Bd6 21.
fxe4 Qxe2 22. Rf2 Qh5 23. Rf5 Qg6 24. Be1 Nxe4 25. Qd5 Ng3 26. Rf3 Rbd8 27. Qb3
Ne2+ 28. Kf2 Nf4 29. Bf1 Nh5 30. Ng4 Bg3+ 31. Rxg3 Nxg3 32. Rxd8 Rxd8 33. Bc4
h5 34. Ne3 Ne4+ 35. Ke2 Na5 36. Qb5 Nxc4 37. Qxc4 b6 38. Qa6 Qg1 39. h4 Qh2+
40. Kf3 Nd2+ 41. Bxd2 Qxd2 42. Qxa7 Re8 43. Nf1 Qe2+ 44. Kg3 Qe1+ 45. Kg2 Re2+
46. Kg1 Qf2+ 0-1

[Event "31st 4NCL Congress"]
[Site "Harrogate, North Yorkshire, ENG"]
[Date "2024.01.20"]
[Round "2.18"]
[White "Howorth, Jack"]
[Black "Webb, Nicholas"]
[Result "1-0"]
[WhiteElo "1691"]
[BlackElo "1837"]
[PlyCount "101"]
[EventDate "2024.01.19"]

1. e4 c5 2. Nf3 Nc6 3. d4 cxd4 4. Nxd4 Nf6 5. Nc3 d6 6. Be3 a6 7. Qd2 e6 8.
O-O-O Be7 9. f3 Bd7 10. g4 h6 11. Kb1 b5 12. a3 Rb8 13. g5 hxg5 14. Bxg5 b4 15.
Nxc6 Bxc6 16. axb4 Rxb4 17. Bxf6 gxf6 18. Nd5 Rb8 19. Nxe7 Kxe7 20. Bxa6 Rh3
21. Be2 Qc7 22. Qd4 Ra8 23. Rd3 Ra4 24. Qc3 Qa7 25. b3 Qb6 26. Rhd1 d5 27. exd5
Bxd5 28. Re3 Ra5 29. Bc4 Rc5 30. Rxd5 Rxc4 31. Qxc4 Qxe3 32. Qc5+ Qxc5 33. Rxc5
Rxh2 34. Rc7+ Kd6 35. Rxf7 Ke5 36. Rc7 Rf2 37. Rc3 f5 38. b4 Kd5 39. b5 Rg2 40.
Kb2 Rg8 41. Kb3 Rb8 42. Rd3+ Kc5 43. c4 Ra8 44. Re3 Re8 45. Re5+ Kd4 46. f4 Rc8
47. Kb4 Rxc4+ 48. Ka5 Rc8 49. b6 Ra8+ 50. Kb5 Rb8 51. Kc6 1-0

[Event "31st 4NCL Congress"]
[Site "Harrogate, North Yorkshire, ENG"]
[Date "2024.01.20"]
[Round "2.19"]
[White "Dean, Robert A"]
[Black "Mottram, Paul"]
[Result "1-0"]
[WhiteElo "1835"]
[BlackElo "1674"]
[PlyCount "87"]
[EventDate "2024.01.19"]

1. e4 c6 2. c4 d5 3. cxd5 cxd5 4. exd5 Qxd5 5. Nc3 Qd6 6. d4 Nf6 7. Nf3 e6 8.
Bd3 Be7 9. O-O Nc6 10. Re1 O-O 11. Bg5 h6 12. Bh4 Nd5 13. Bg3 Qd8 14. Rc1 Bf6
15. Nb5 Qb6 16. Bd6 Rd8 17. Bc5 Qa5 18. a3 Rd7 19. Qc2 Qd8 20. Ne5 Nxe5 21.
dxe5 Bg5 22. Rcd1 b6 23. Bd6 Bb7 24. Be4 Rc8 25. Qb1 Bc6 26. Nd4 Bb7 27. g3 Be7
28. Nb5 Bc6 29. Bxe7 Qxe7 30. Nd6 Rcc7 31. f4 f5 32. Bg2 Qd8 33. Rc1 Ne7 34.
Bxc6 Nxc6 35. Rc3 Qe7 36. Rec1 Nd4 37. Qd3 Rxc3 38. Rxc3 Rxd6 39. exd6 Qxd6 40.
Rc4 e5 41. fxe5 Qxe5 42. Rxd4 Qe1+ 43. Kg2 Qc1 44. Rd8+ 1-0

[Event "31st 4NCL Congress"]
[Site "Harrogate, North Yorkshire, ENG"]
[Date "2024.01.20"]
[Round "2.20"]
[White "Freund, Michael P"]
[Black "Butterworth, Paul"]
[Result "0-1"]
[WhiteElo "1661"]
[BlackElo "1832"]
[PlyCount "84"]
[EventDate "2024.01.19"]

1. Nf3 e6 2. g3 Nf6 3. Bg2 d5 4. O-O b6 5. d3 Bb7 6. Nbd2 Be7 7. Re1 h6 8. c3
O-O 9. Qc2 c5 10. e4 dxe4 11. dxe4 Nc6 12. e5 Nd7 13. Nf1 Qc7 14. Qe2 Na5 15.
h4 c4 16. Bf4 Nc5 17. Red1 Nd3 18. Be3 Rfd8 19. Bd4 Nc6 20. Ne3 Nxd4 21. cxd4
Rac8 22. Nxc4 Qxc4 23. Qxd3 Qxd3 24. Rxd3 Rc2 25. Rd2 Rxd2 26. Nxd2 Bxg2 27.
Kxg2 Rxd4 28. Nf3 Rd5 29. Rc1 Bd8 30. Rc2 Kf8 31. Rd2 Rxd2 32. Nxd2 f6 33. Kf3
h5 34. Ke4 b5 35. Nb3 Bb6 36. Nd4 Ke7 37. f4 f5+ 38. Kd3 Kd7 39. b4 Bxd4 40.
Kxd4 Kc6 41. Kc3 Kd5 42. Kd3 a6 0-1

[Event "31st 4NCL Congress"]
[Site "Harrogate, North Yorkshire, ENG"]
[Date "2024.01.20"]
[Round "2.21"]
[White "Wheeler, Tim"]
[Black "Stone, Ian C"]
[Result "1-0"]
[WhiteElo "1831"]
[BlackElo "1705"]
[PlyCount "75"]
[EventDate "2024.01.19"]

1. e4 e5 2. Nf3 Nc6 3. Bb5 a6 4. Ba4 Nf6 5. O-O d6 6. Re1 Bg4 7. h3 Bh5 8. c3
b5 9. Bb3 Be7 10. a4 O-O 11. axb5 axb5 12. Rxa8 Qxa8 13. d3 Na5 14. Bc2 c5 15.
g4 Bg6 16. Nh4 Nd7 17. Nf5 Bxf5 18. gxf5 Qd8 19. Qg4 Nf6 20. Qf3 Ne8 21. Kh2
Bg5 22. Bxg5 Qxg5 23. Rg1 Qh6 24. Qe3 Qxe3 25. fxe3 Nf6 26. Nd2 Nb7 27. Ra1 Rb8
28. Ra6 Nd7 29. Bb1 Kf8 30. Ba2 Ke7 31. Kg2 Nd8 32. Bd5 Nb6 33. b3 Nxd5 34.
exd5 f6 35. Ne4 Nf7 36. Ra7+ Ke8 37. h4 g6 38. Nxf6+ 1-0